Scènes d'Harry Potter 3 dans le désordre - Statistiques

Statistiques générales
  • Ce quiz a été pris 323 fois
    77 depuis la dernière actualisation
  • Le résultat moyen est 7 sur 18
Statistiques - réponses
Hint Explanation Réponse % Correct
Chapitres 1 et 2 Hibou express et la grosse erreur de la tante Marge
100%
Chapitre 3 Le Magicobus
93%
Chapitre 4 Le Chaudron baveur
80%
Chapitre 5 Le Détraqueur
73%
Chapitre 16 La prédiction du professeur Trelawney
47%
Chapitre 6 Coups de griffes et feuilles de thé
40%
Chapitre 9 Sinistre défaite
40%
Chapitre 8 La fuite de la grosse dame
40%
Chapitres 10 et 11 La carte du Maraudeur et l'Éclair de Feu
33%
Chapitre 7 Un épouvantard dans la penderie
33%
Chapitres 12 et 13 Le Patronus et Gryffondor contre Serdaigle
27%
Chapitre 15 La finale de Quidditch
27%
Chapitre 19 Le serviteur de Voldemort
20%
Chapitre 18 Lunard, Queudver, Patmol et Cornedrue
13%
Chapitre 17 Chat, rat et chien
13%
Chapitre 20 Le baiser du Détraqueur
13%
Chapitre 14 La rancune de Rogue
7%
Chapitres 21 et 22 Le secret d’Hermione et encore du courrier
7%
Aucun quiz correspondant
Distribution des résultats
% des personnes avec chaque résultat
Percentile par nombre de réponses
Votre historique - résultats
Vous n’avez pas pris ce quiz depuis la dernière actualisation